HUGE & RUSELLS PHARMACEUTICAL BIOLOGY (Record no. 8780)

MARC details
000 -LEADER
fixed length control field 00345nam a22001577a 4500
003 - CONTROL NUMBER IDENTIFIER
control field SGT
020 ## - INTERNATIONAL STANDARD BOOK NUMBER
International Standard Book Number 978-81-265-4066-2
082 ## - DEWEY DECIMAL CLASSIFICATION NUMBER
Classification number 616.01
Item number H13D
100 ## - MAIN ENTRY--PERSONAL NAME
Personal name DENYER,STEPHEN
245 ## - TITLE STATEMENT
Title HUGE & RUSELLS PHARMACEUTICAL BIOLOGY
250 ## - EDITION STATEMENT
Edition statement 8TH
260 ## - PUBLICATION, DISTRIBUTION, ETC. (IMPRINT)
Place of publication, distribution, etc DELHI
Name of publisher, distributor, etc WILEY
Year of Publication 2013
300 ## - PAGE DESCRIPTION
No. of Pages 514
650 ## - SUBJECT ADDED ENTRY--TOPICAL TERM
Topical term or geographic name as entry element MICROBIOLOGY
942 ## - ADDED ENTRY ELEMENTS (KOHA)
Source of classification or shelving scheme Dewey Decimal Classification
Koha item type Books
Holdings
Withdrawn status Lost status Source of classification or shelving scheme Damaged status Not for loan Collection code Home library Current library Shelving location Date acquired Vendor Name Cost, normal purchase price SGTU Bill Number Total Checkouts Full call number Accession No. (Barcode) Date last seen Date last borrowed Bill Date Koha item type
    Dewey Decimal Classification     PHARMACY SGT FA-FP Library SGT FA-FP Library Reference Book 07/04/2016 AHUJA 995.00 SGTU 6742 1 616.01 H13D FP1790 03/05/2016 25/04/2016 16/03/2016 Books
    Dewey Decimal Classification     PHARMACY SGT FA-FP Library SGT FA-FP Library Reference Book 07/04/2016 AHUJA 995.00 SGTU 6742 1 616.01 H13D FP1791 27/05/2016 23/05/2016 16/03/2016 Books